Principles of modern algebra /

Guardado en:
Autor Principal: Whitesitt, J. Eldon 1922-
Formato: Libro
Idioma:English
Publicado: Reading, Mass. : Addison-Wesley, c1964.
Series:Addison-Wesley series in mathematics
Etiquetas: Agregar Etiqueta
Sin Etiquetas, Sea el primero en etiquetar este registro!
LEADER 00668nam a22002051a 4500
001 MAT.inmabb002532
008 840912s1964####maua#####b####001#0#eng##
005 20180502181228.0
245 1 0 |a Principles of modern algebra /  |c [by] J. Eldon Whitesitt. 
260 |a Reading, Mass. :  |b Addison-Wesley,  |c c1964. 
300 |a viii, 262 p. :  |b il. ;  |c 24 cm. 
440 0 |a Addison-Wesley series in mathematics 
504 |a Bibliografía: p. 253-254. 
510 4 |a MR,  |c 50 #12515 
100 1 |a Whitesitt, J. Eldon  |q (John Eldon),  |d 1922- 
084 |a 00A05  |2 MR 
084 |a 97-01  |2 MR 
010 |a  64016914  
040 |a DLC/ICU  |c ICU  |d DLC 
859 |h 00A05A  |i W594  |p A-8195  |b BIB. MATEMATICA